000 00525nam a2200205Ia 4500
005 20250425160952.0
008 250425s9999 xx 000 0 und d
041 _ager
082 _a603
100 _aERNST, RICHARD
245 0 _aDICCIONARIO DE LA TECNICA INDUSTRIAL (TOMO VI)
250 _aS.E.
260 _aBARCELONA
260 _aEspaña
_bBRANDSTETTER VERLAG
_c1958
300 _a479
650 _aDICCIONARIOS ESPAÑOL-ALEMAN
650 _aINGENIERIA MECANICA-DICCIONARIOS
942 _c01
010 _a9515
999 _c199855
_d199855